Statistics for Married... With Children Cast

Click here to take the quiz!

General Stats

  • This quiz has been taken 124 times
  • The average score is 5 of 7

Answer Stats

HintAnswer% Correct
Christina ApplegateKelly
97%
Amanda BearseMarcy
90%
Al BundyEd O'Neil
88%
David GarrisonSteve
78%
Bud BundyDavid Faustino
73%
Peggy BundyKatey Sagal
50%
Jefferson D'ArcyTed McGinley
45%

Score Distribution

Percentile by Number Answered

Percent of People with Each Score

Your Score History

You have not taken this quiz